000 00954nam a22003017a 4500
001 BR0302425
003 BR-BrBNA
005 20230928101259.0
007 ta
008 230509b bl.||||| |||| 00| 0 por d
040 _aBR-BrBNA
_bpor
_cBiblioteca Nacional de Agricultura
041 _a(Por)
072 _aF30
_b0230
090 _ 0230 BR0302425
100 1 _aAlmeida, R.S.
110 1 _aEscola Superior de Agricultura Luiz de Queiroz, Piracicaba, SP (Brasil)
_0Tese (Mestre em Ciências)
245 1 _aIdentificação e caracterização de genes de transportadores de fósforo em cana-de-açucar (Saccharum spp.)
260 3 _aPiracicaba, SP (Brasil):
_c2002.
300 _a76 p.
500 _aSummaries (Eng, Por); Bibliography p. 72-76; 27 illus.; 11 tables
650 _aCANA DE AÇÚCAR
650 _aGENE
650 _aGENOMA
650 _aFÓSFORO
650 _aSIMBIOSE
909 _a202309
_bLucia
_c55
_dLucia Elande
942 _cBK
999 _c65065
_d65065